| 000 | 00713nam a22002177a 4500 | ||
|---|---|---|---|
| 003 | OSt | ||
| 005 | 20150407170524.0 | ||
| 008 | 150302s2015 spc | |||| 000 0 spa|d | ||
| 017 | _aDL B. 16809-2014 | ||
| 020 | _a9788490563670 | ||
| 040 |
_bcat _cCDMR |
||
| 100 | 1 |
_aBatalla, Xavier _9167 _d1948-2012 |
|
| 245 | 1 | 3 |
_aEl mundo es una idea _b: crónicas sobre la guerra y la paz _cXavier Batalla ; presentación de Josep Fontana |
| 260 |
_aBarcelona _bRBA _c2014 |
||
| 300 |
_a399 p. _c22 cm |
||
| 650 | 7 |
_aPolítica mundial _yS. XXI _2lemac |
|
| 650 | 7 |
_aPeriodistes catalans _93727 _vRecull d'escrits |
|
| 650 | 7 |
_aHistòria contemporània _yS. XXI _2lemac |
|
| 700 | 1 |
_aFontana, Josep, _d1931- |
|
| 942 |
_cMON _2udc |
||
| 999 |
_c6785 _d6785 |
||